Online Catalogue and eLibrary

Cyber crimes against women in India / (Record no. 5896)

MARC details
000 -LEADER
fixed length control field 00617cam a2200217 i 4500
001 - CONTROL NUMBER
control field 19189652
005 - DATE AND TIME OF LATEST TRANSACTION
control field 20240613023016.0
008 - FIXED-LENGTH DATA ELEMENTS--GENERAL INFORMATION
fixed length control field 160725s2017 cau b 001 0 eng
020 ## - INTERNATIONAL STANDARD BOOK NUMBER
ISBN 9789385985775
040 ## - CATALOGING SOURCE (பட்டியலாக்க மூலம்)
Original cataloging agency DLC
Language of cataloging eng
Transcribing agency DLC
Description conventions rda
Modifying agency DLC
082 00 - DDC Classification
Class No. 362.88
DDC Edition Number 23
Item Number - Author Mark CYB
100 1# - MAIN ENTRY--PERSONAL NAME
Personal name Halder, Debarati,
100 1# - MAIN ENTRY--PERSONAL NAME
Personal name Jaishankar, K.,
245 10 - TITLE STATEMENT
Title Cyber crimes against women in India /
Statement of responsibility, etc. Debarati Halder, K. Jaishankar.
260 ## - PUBLICATION, DISTRIBUTION, ETC.
Place of publication, distribution, etc. New Delhi
Name of publisher, distributor, etc. SAGE Publlication india Pvt Ltd
Date of publication, distribution, etc. 2017
300 ## - PHYSICAL DESCRIPTION
Extent (e.g. Volumes, Pages etc.) xvi, 252 pages ;
650 #0 - SUBJECT ADDED ENTRY--TOPICAL TERM
Topical term or geographic name entry element Computer crimes
650 #0 - SUBJECT ADDED ENTRY--TOPICAL TERM
Topical term or geographic name entry element Women
650 #0 - SUBJECT ADDED ENTRY--TOPICAL TERM
Topical term or geographic name entry element Internet and women
942 ## - Koha item type (Biblio)
Koha item type Books in Stacks (Lending)
Holdings
Lost status Damaged status Collection code Home library Current library Date acquired Full call number Accession Number Item type
    Lending WERC Library WERC Library 06/13/2024 362.88 CYB 7052 Books in Stacks (Lending)

© WERC Library